| 000 | 01343pam a2200313 a 4500 | ||
|---|---|---|---|
| 001 | 015370834 | ||
| 003 | Uk | ||
| 005 | 20110106155630.0 | ||
| 008 | 090821s2010 nyua b 001 0 eng d | ||
| 020 | _a0071621679 (pbk.) : | ||
| 020 | _a9780071621670 (pbk.) : | ||
| 082 | 0 | 4 |
_a616.07 _222 _bPAT |
| 245 | 0 | 0 |
_aPathophysiology of Disease : _ban Introduction to Clinical Medicine. |
| 250 |
_a6th ed. / _bedited by Stephen J. McPhee, Gary D. Hammer. |
||
| 260 |
_aNew York ; _aLondon : _bMcGraw-Hill Medical, _cc2010. |
||
| 300 |
_axiv, 737 p. : _bill. (chiefly col.) ; _c28 cm. |
||
| 500 | _aPrevious ed.: New York; London: Lange Medical Books/McGraw-Hill, 2006. | ||
| 500 | _a"A Lange Medical book." | ||
| 504 | _aIncludes bibliographical references and index. | ||
| 541 | _aDonation from Baccah | ||
| 650 | 0 |
_aPhysiology, Pathological. _930246 |
|
| 650 | 0 |
_aClinical medicine. _930247 |
|
| 653 |
_bPharmacy _cJune2012 |
||
| 700 | 1 |
_aMcPhee, Stephen J. _930248 |
|
| 700 | 1 |
_aHammer, Gary D. _930249 |
|
| 942 |
_2ddc _cBB |
||
| 999 |
_c16799 _d16799 |
||